Zavedenie dovozného depozita

O zavedení dovozného depozita vláda SR rozhodla 22. apríla 1997. Toto opatrenie vlády treba chápať ako jedno z legálnych opatrení v celom kontexte súboru opatrení na ochranu domácej výroby a podporu zahraničného obchodu. Cieľom vyhlášky o zavedení dovozného depozita je pomôcť pri riešení problému pa...

Descrizione completa

Salvato in:
Dettagli Bibliografici
Autore principale: Gerstner, J.
Natura: Capitolo di libro
Lingua:slovacco
Soggetti:
Tags: Aggiungi Tag
Nessun Tag, puoi essere il primo ad aggiungerne!!

MARC

LEADER 00000naa a2200000 4500
001 r027031
005 20230919113145.2
041 0 |a slo 
044 |a SK 
245 1 0 |a Zavedenie dovozného depozita  |c J. Gerstner 
520 |a O zavedení dovozného depozita vláda SR rozhodla 22. apríla 1997. Toto opatrenie vlády treba chápať ako jedno z legálnych opatrení v celom kontexte súboru opatrení na ochranu domácej výroby a podporu zahraničného obchodu. Cieľom vyhlášky o zavedení dovozného depozita je pomôcť pri riešení problému pasívneho salda obchodnej bilancie SR. Úplné znenie vyhlášky MH SR č.122/1997 Z.z. o zavedení dovozného depozita s komentárom. Príloha k vyhláške. Názov tovarov. 
610 2 0 |a vyhlášky 
610 2 0 |a MH SR Bratislava 
610 2 0 |a 1997 
610 2 0 |a depozitum dovozné 
610 2 0 |a ochrana trhu 
610 2 0 |a opatrenia 
610 2 0 |a Slovensko 
100 1 |a Gerstner, J.